000
00336nam a22001457a 4500
008
221202b ||||| |||| 00| 0 eng d
020
_a
9781119362272
041
_a
eng
080
_2
FOURTEENTH EDITION
_a
159.9
082
_a
159.9 KRI
100
_a
25
101
_a
PSI
245
_a
ABNORMAL PSYCHOLOGY
_c
KRING M.A
942
_2
udc
_c
BK
999
_c
59071
_d
59071